[Event "Doha Winter Cup"]
[Site "Doha"]
[Date "2018.02.03"]
[Round "5"]
[White "Al Marri, Omar"]
[Black "Al Saadi, Ali"]
[Result "0-1"]
[WhiteElo "2118"]
[BlackElo "1218"]
[PlyCount "36"]
[EventDate "2018.02.01"]
[EventType "tourn"]
[EventRounds "9"]
[EventCountry "QAT"]
[SourceTitle "CBM 182 Extra"]
[Source "ChessBase"]
[SourceDate "2018.02.23"]
[SourceVersion "1"]
[SourceVersionDate "2018.02.23"]
[SourceQuality "1"]

1. e4 e5 2. Nf3 Nc6 3. Bc4 Bc5 4. c3 Nf6 5. d3 0-0 6. Bb3 h6 7. h3 d6 8. Nbd2 Be6 9. Bc2 d5 10. 0-0 dxe4 11. dxe4 Qe7 12. Qe2 Nh5 13. Rd1 Nf4 14. Qe1 f5 15. exf5 Bxf5 16. Bxf5 Rxf5 17. Qe4 Raf8 18. Nc4 Nxh3+ 0-1

[Event "Asia-chT rapid U23 5th"]
[Site "Ashkhabad"]
[Date "2017.09.25"]
[Round "1.2"]
[White "Al Saadi, Ali"]
[Black "Bersamina, Paulo"]
[Result "0-1"]
[WhiteElo "1218"]
[BlackElo "2397"]
[PlyCount "90"]
[EventDate "2017.09.25"]
[EventType "team-swiss (rapid)"]
[EventRounds "5"]
[EventCountry "TKM"]
[SourceTitle "EXT 2018"]
[Source "ChessBase"]
[SourceDate "2017.10.13"]
[SourceVersion "1"]
[SourceVersionDate "2017.10.13"]
[SourceQuality "1"]
[WhiteTeam "Qatar"]
[BlackTeam "Philippines"]
[WhiteTeamCountry "QAT"]
[BlackTeamCountry "PHI"]

1. e4 c5 2. Nf3 e6 3. d4 cxd4 4. Nxd4 Bc5 5. Nb3 Bb6 6. g3 Ne7 7. Bg2 0-0 8. 0-0 Nbc6 9. Nc3 f5 10. Be3 fxe4 11. Bxe4 d5 12. Bxb6 Qxb6 13. Bg2 Nf5 14. Qd2 a5 15. a4 Rf7 16. Rad1 Bd7 17. Nb5 Raf8 18. N5d4 Nfxd4 19. Nxd4 Qxb2 20. Nxc6 Bxc6 21. Rb1 Qa2 22. Ra1 Qc4 23. Qxa5 Qxc2 24. Qb6 Qc3 25. Rac1 Qd2 26. Rcd1 Qc2 27. Ra1 Qd3 28. Rad1 Qa6 29. Qe3 Bxa4 30. Ra1 b5 31. Rfc1 Rxf2 32. Re1 R2f6 33. Bh3 Re8 34. Ra2 h6 35. Rd2 Qb7 36. Qe5 Bb3 37. Rde2 Bc4 38. Re3 Kh8 39. Bxe6 Rfxe6 40. Qf5 Rxe3 41. Rxe3 Rxe3 42. Qf8+ Kh7 43. Qf5+ g6 44. Qf4 Re1+ 45. Kf2 Rf1+ 0-1

[Event "Bahrain & Qatar Friendship"]
[Site "Seef"]
[Date "2017.02.03"]
[Round "3"]
[White "Abhishek, Ganesan"]
[Black "Al Saadi, Ali"]
[Result "0-1"]
[WhiteElo "1452"]
[BlackElo "1157"]
[PlyCount "118"]
[EventDate "2017.02.01"]
[EventType "schev"]
[EventRounds "6"]
[EventCountry "BHN"]
[SourceTitle "CBM 177 Extra"]
[Source "ChessBase"]
[SourceDate "2017.04.27"]
[SourceVersion "1"]
[SourceVersionDate "2017.04.27"]
[SourceQuality "1"]

1. e4 e5 2. Nf3 Nc6 3. Nc3 Nf6 4. d4 exd4 5. Nxd4 Bb4 6. Nxc6 bxc6 7. Bd3 0-0 8. 0-0 d5 9. exd5 cxd5 10. Bg5 c6 11. Qf3 Be7 12. Rfe1 Re8 13. h3 h6 14. Bh4 Rb8 15. Rab1 Be6 16. Bg3 Bd6 17. Bh4 Be7 18. Ne2 Rb7 19. Nd4 Bd7 20. Bf5 Bxf5 21. Nxf5 a6 22. Nxe7+ Rbxe7 23. Rxe7 Rxe7 24. Bxf6 gxf6 25. Qd3 Qa5 26. Qg3+ Kf8 27. Qb8+ Re8 28. Qd6+ Re7 29. Qa3 Qxa3 30. bxa3 Kg7 31. Rb6 Re1+ 32. Kh2 Ra1 33. Rxc6 Rxa2 34. Rc3 d4 35. Rd3 Kg6 36. Rxd4 Rxa3 37. Rc4 a5 38. f3 Kg5 39. Kg3 a4 40. Kf2 f5 41. Rb4 Ra2 42. Rc4 a3 43. Ke3 f4+ 44. Kd3 Ra1 45. Ra4 a2 46. Kc3 Kh4 47. Rxf4+ Kg3 48. Ra4 Kxg2 49. Kb2 Re1 50. Kxa2 Kxh3 51. c4 Kg3 52. Ra3 h5 53. Rc3 h4 54. c5 Re8 55. c6 Rc8 56. Rc5 f6 57. Kb2 h3 58. Rc4 h2 59. Rg4+ Kh3 0-1